Les meilleurs buteurs de l'AS Monaco depuis 2010 - Statistiques

Statistiques générales
  • Ce quiz a été pris 229 fois
  • Le résultat moyen est 13 sur 24
Statistiques - réponses
Joueurs Buts % Correct
Radamel Falcao 83
94%
Kylian Mbappe 27
93%
Wissam Ben Yedder 21
89%
Bernardo Silva 28
84%
Valère Germain 53
83%
Thomas Lemar 22
79%
Fabinho 31
73%
James Rodriguez 10
68%
Kamil Glik 14
63%
Joao Moutinho 11
59%
Yannick Ferreira Carrasco 21
54%
Dimitar Berbatov 18
53%
Anthony Martial 15
51%
Nabil Dirar 12
44%
Lucas Ocampos 15
41%
Andrea Raggi 10
36%
Emmanuel Rivière 17
31%
Guido Carrillo 21
31%
Rony Lopes 21
31%
Stevan Jovetic 14
31%
Ibrahima Toure 31
29%
Keita Baldé 16
24%
Lacina Traore 11
22%
Park Chu Young 12
18%
Aucun quiz correspondant
Distribution des résultats
% des personnes avec chaque résultat
Percentile par nombre de réponses
Votre historique - résultats
Vous n’avez pas pris ce quiz